Sustainable Tourism on a Finite Planet: Environmental, Business and Policy Solutions (ბიბ.ჩანაწერი № 54410)
[ მარტივი ფორმატი ]
| 000 -LEADER | |
|---|---|
| fixed length control field | 00731nam a2200253Ia 4500 |
| 001 - CONTROL NUMBER | |
| control field | 21466 |
| 003 - CONTROL NUMBER IDENTIFIER | |
| control field | GE_BSU |
| 008 - FIXED-LENGTH DATA ELEMENTS--GENERAL INFORMATION | |
| fixed length control field | 181216s||||||||xx |||||||||||||| ||und|| |
| 040 ## - CATALOGING SOURCE | |
| Transcribing agency | GE_BSU |
| 080 ## - UNIVERSAL DECIMAL CLASSIFICATION NUMBER | |
| Universal Decimal Classification number | 338.4 |
| 100 ## - MAIN ENTRY--PERSONAL NAME | |
| Personal name | Megan, Epler Wood |
| 245 ## - TITLE STATEMENT | |
| Title | Sustainable Tourism on a Finite Planet: Environmental, Business and Policy Solutions |
| 250 ## - EDITION STATEMENT | |
| Edition statement | 9781138217614 |
| 260 ## - PUBLICATION, DISTRIBUTION, ETC. | |
| Place of publication, distribution, etc. | London |
| 260 ## - PUBLICATION, DISTRIBUTION, ETC. | |
| Name of publisher, distributor, etc. | Routledge |
| 260 ## - PUBLICATION, DISTRIBUTION, ETC. | |
| Date of publication, distribution, etc. | 2017 |
| 300 ## - PHYSICAL DESCRIPTION | |
| Extent | 328 p. 24cm. |
| 300 ## - PHYSICAL DESCRIPTION | |
| Accompanying material | Bibl.:p. 317-318., Index.: p. 319-328 |
| 653 ## - INDEX TERM--UNCONTROLLED | |
| Uncontrolled term | Sustainable Tourism on a Finite Planet: Environmental, Business and Policy Solutions |
| 653 ## - INDEX TERM--UNCONTROLLED | |
| Uncontrolled term | Экономика |
| 653 ## - INDEX TERM--UNCONTROLLED | |
| Uncontrolled term | ეკონომიკა |
| 942 ## - ADDED ENTRY ELEMENTS (KOHA) | |
| Koha item type | წიგნი |
არაა ხელმისაწვდომი ეგზემპლარები.
